| 000 | 00443nam a2200169Ia 4500 | ||
|---|---|---|---|
| 008 | 230917s9999||||xx |||||||||||||| ||und|| | ||
| 020 | _cRS70 | ||
| 040 |
_e253737 _aMAIN |
||
| 041 | _aEnglish | ||
| 082 | _a891.2109 M278V | ||
| 100 | _aMahimabhatta | ||
| 245 | 0 | _aVyaktiviveka | |
| 260 |
_aVaranasi _bChaukhamba Surbhararti Prakashan _c2015 |
||
| 300 | _a116 p. | ||
| 500 | _a3405 17/01/2019 RK19/3530 14/02/2019 Main Budget | ||
| 942 | _cBK | ||
| 999 |
_c30067 _d30067 |
||